<?xml version="1.0" encoding="UTF-8"?>
<record
    xmlns:xsi="http://www.w3.org/2001/XMLSchema-instance"
    xsi:schemaLocation="http://www.loc.gov/MARC21/slim http://www.loc.gov/standards/marcxml/schema/MARC21slim.xsd"
    xmlns="http://www.loc.gov/MARC21/slim">

  <leader>01698nam a22001697a 4500</leader>
  <controlfield tag="008">140613b        xxu||||| |||| 00| 0 eng d</controlfield>
  <datafield tag="020" ind1=" " ind2=" ">
    <subfield code="a">9788126514137</subfield>
  </datafield>
  <datafield tag="050" ind1=" " ind2=" ">
    <subfield code="a">HF1411.S239</subfield>
  </datafield>
  <datafield tag="100" ind1=" " ind2=" ">
    <subfield code="a">Salvatore, Dominick.</subfield>
  </datafield>
  <datafield tag="245" ind1=" " ind2=" ">
    <subfield code="a">International economics. /</subfield>
    <subfield code="c">Dominick Salvatore.</subfield>
  </datafield>
  <datafield tag="260" ind1=" " ind2=" ">
    <subfield code="a">New Delhi :</subfield>
    <subfield code="b">Wae Wiley,</subfield>
    <subfield code="c">2010.</subfield>
  </datafield>
  <datafield tag="300" ind1=" " ind2=" ">
    <subfield code="a">xxxviii, 826 p . :</subfield>
    <subfield code="b">ill. ;</subfield>
    <subfield code="c">23cm.</subfield>
  </datafield>
  <datafield tag="500" ind1=" " ind2=" ">
    <subfield code="a">Includes glossary of key terms and subject index.</subfield>
  </datafield>
  <datafield tag="505" ind1=" " ind2=" ">
    <subfield code="a">Contents: International trade theory: The law of comparative advantage:The standard theory of interntional trade -- Demand and supply,offer curves and the terms of trade -- Factor endowments and the Hecscher-Ohlin theory -- Economics of scale, imperfect competition and International trade -- Economic growth and International trade -- International trade policy: Trade restriction:tarrifs -- Nontarrif trade barriers and the new protectionism -- Economic intergration:Customs union and free trade areas -- International trade and Economic development -- International resource movements and Multinational corporations -- Balance of payments and exchange rates -- Balance of payments -- Foreign exchange markets and exchange rates --  Exchange rate determination -- The Price adjustment mechanism with flexible and fixed exchange rates -- The income adjustmnet mechanism and synthesis of automatic adjustments -- Open-economy macroeconomics:Adjusment policies -- Prices and output in an open:Aggregate demand and aggregate supply -- Flexible versus fixed exchange rates, the European monetary system and macroeconomic policy coordiantion -- The International monetary system:Past, present and future. </subfield>
  </datafield>
  <datafield tag="650" ind1=" " ind2=" ">
    <subfield code="a">Economics.</subfield>
  </datafield>
  <datafield tag="942" ind1=" " ind2=" ">
    <subfield code="2">lcc</subfield>
    <subfield code="c">BK</subfield>
  </datafield>
  <datafield tag="999" ind1=" " ind2=" ">
    <subfield code="c">2991</subfield>
    <subfield code="d">10491</subfield>
  </datafield>
  <datafield tag="952" ind1=" " ind2=" ">
    <subfield code="0">0</subfield>
    <subfield code="1">0</subfield>
    <subfield code="2">lcc</subfield>
    <subfield code="4">0</subfield>
    <subfield code="7">0</subfield>
    <subfield code="a">WIUC-1</subfield>
    <subfield code="b">WIUC-1</subfield>
    <subfield code="c">GEN</subfield>
    <subfield code="d">2014-06-13</subfield>
    <subfield code="l">0</subfield>
    <subfield code="o">HF1411.S239</subfield>
    <subfield code="p">7750/177/14</subfield>
    <subfield code="r">2014-06-13 00:00:00</subfield>
    <subfield code="t">1</subfield>
    <subfield code="w">2014-06-13</subfield>
    <subfield code="y">BK</subfield>
  </datafield>
  <datafield tag="952" ind1=" " ind2=" ">
    <subfield code="0">0</subfield>
    <subfield code="1">0</subfield>
    <subfield code="2">lcc</subfield>
    <subfield code="4">0</subfield>
    <subfield code="7">0</subfield>
    <subfield code="a">WIUC-1</subfield>
    <subfield code="b">WIUC-1</subfield>
    <subfield code="c">GEN</subfield>
    <subfield code="d">2014-06-13</subfield>
    <subfield code="l">0</subfield>
    <subfield code="o">HF1411.S239</subfield>
    <subfield code="p">7751/178/14</subfield>
    <subfield code="r">2014-06-13 00:00:00</subfield>
    <subfield code="t">2</subfield>
    <subfield code="w">2014-06-13</subfield>
    <subfield code="y">BK</subfield>
  </datafield>
</record>
